000 00440nam a2200205Ia 4500
001 12183
003 OSt
005 20251205123939.0
008 211022s9999 xx 000 0 und d
020 _a1844423271
040 _cIVS
082 _a152.148 SAR
100 _aSarcone, Gianni
245 0 _aNew Optical Illusions
260 _aLondon
260 _bCarlton Book
260 _c2005
300 _a160 pages
942 _cBK
_2ddc
_n0
999 _c9724
_d9724